000 00395nam a2200145Ia 4500
003 GCL
008 140319s9999 xx 000 0 ara d
040 _aGCL /
_cGCL
082 0 4 _aط
_b372.35
_bو ر
100 1 _aوفاء اشرف
245 1 0 _aالسيارات /
_cوفاء اشرف
260 _a[S.N] :
_bدار الكتاب الحديث
300 _a16
490 _aرحلة فى عالم
_v0
999 _c30870
_d30870